书目信息 |
| 题名: |
课程社会学
|
|
| 作者: | 吴永军 著 | |
| 分册: | ||
| 出版信息: | 南京 南京师范大学出版社 1999.10 |
|
| 页数: | 387页 | |
| 开本: | 32开 | |
| 丛书名: | ||
| 单 册: | ||
| 中图分类: | G423 | |
| 科图分类: | ||
| 主题词: | 教学理论 | |
| 电子资源: | ||
| ISBN: | 7-81047-398-0 | |
| 000 | 00530nam0 2200193 45 | |
| 001 | 0011280966 | |
| 005 | 20001128092900.8 | |
| 010 | @a7-81047-398-0@d19.00元 | |
| 100 | @a20001128d1999 km y0chiy0120 ea | |
| 101 | 0 | @achi |
| 105 | @a z 000yy | |
| 200 | 1 | @a课程社会学@AKe Cheng She Hui Xue@f吴永军著@FWu Yong Jun Zhu |
| 210 | @a南京@c南京师范大学出版社@d1999.10 | |
| 215 | @a387页@d32开 | |
| 606 | 0 | @a教学理论 |
| 690 | @aG423@v3 | |
| 701 | 0 | @a吴永军@4著 |
| 801 | @aCN@bPftUser@c20001128 | |
| 905 | @b506176-177@dG423@eW361@f2 | |
| 课程社会学/吴永军著.-南京:南京师范大学出版社,1999.10 |
| 387页;32开 |
| ISBN 7-81047-398-0:19.00元 |
| ● |
| 相关链接 |
|
|
|
正题名:课程社会学
索取号:G423/W361
 
预约/预借
| 序号 | 登录号 | 条形码 | 馆藏地/架位号 | 状态 | 备注 |
| 1 | 506176 | 205061760 | 社科库409/409社科库 2排3列3层/ [索取号:G423/W361] | 在馆 | |
| 2 | 506177 | 205061779 | 社科库409/409社科库 2排3列3层/ [索取号:G423/W361] | 在馆 |